T̤abakāt-i-Nāṣirī, Vol.-1, Part-1 : (Record no. 22423)
[ view plain ]
| 000 -LEADER | |
|---|---|
| fixed length control field | 01354cam a2200289 4500 |
| 001 - CONTROL NUMBER | |
| control field | 3715145 |
| 003 - CONTROL NUMBER IDENTIFIER | |
| control field | BDDh-ASL |
| 005 - DATE AND TIME OF LATEST TRANSACTION | |
| control field | 20231015030130.0 |
| 008 - FIXED-LENGTH DATA ELEMENTS--GENERAL INFORMATION | |
| fixed length control field | 710412s1881 e b 000 0 eng |
| 010 ## - LIBRARY OF CONGRESS CONTROL NUMBER | |
| LC control number | 79912240 |
| 040 ## - CATALOGING SOURCE | |
| Original cataloging agency | DLC |
| Transcribing agency | DLC |
| Modifying agency | DLC |
| -- | BDDh-ASL |
| 041 1# - LANGUAGE CODE | |
| Language code of text/sound track or separate title | engper |
| 050 00 - LIBRARY OF CONGRESS CALL NUMBER | |
| Classification number | DS38.6 |
| Item number | .M5513 1970 |
| 082 ## - DEWEY DECIMAL CLASSIFICATION NUMBER | |
| Classification number | 954 |
| Item number | MIT |
| 100 0# - MAIN ENTRY--PERSONAL NAME | |
| Personal name | Minhāj Sirāj Jūzjānī, |
| Dates associated with a name | 1193-1266. |
| 240 10 - UNIFORM TITLE | |
| Uniform title | T̤abakāt-i Nāṣirī. |
| Language of a work | English |
| 245 10 - TITLE STATEMENT | |
| Title | T̤abakāt-i-Nāṣirī, Vol.-1, Part-1 : |
| Remainder of title | A general history of the Muhammadan dynasties of Asia, including Hindustan; from A. H. 194 (810 A.D.) to A.H. 658 (1260 A.D.) and the irruption of the infidel Mughals into Islam / |
| Statement of responsibility, etc. | by Minhāj-ud-dīn, Abū-ʼUmar-i-ʼUs̤mān. Translated from original Persian manuscripts by H. G. Raverty. |
| 260 ## - PUBLICATION, DISTRIBUTION, ETC. | |
| Place of publication, distribution, etc. | New Delhi, |
| -- | London: |
| Name of publisher, distributor, etc. | Oriental Books Reprint Corp.; exclusively distributed by Munshiram Manoharlal |
| -- | Gilbert and Rivington, |
| Date of publication, distribution, etc. | [1970] |
| -- | 1881. |
| 300 ## - PHYSICAL DESCRIPTION | |
| Extent | v-1, p-1, 372 p. : |
| Dimensions | 22 cm. |
| 350 ## - PRICE (NR) (BK AM CF MU VM SE) [OBSOLETE] | |
| Price | 150.00 |
| 500 ## - GENERAL NOTE | |
| General note | "First published, 1881, in the Bibliotheca Indica series, by Asiatic Society of Bengal." |
| 504 ## - BIBLIOGRAPHY, ETC. NOTE | |
| Bibliography, etc. note | Includes bibliographical references. |
| 651 #0 - SUBJECT ADDED ENTRY--GEOGRAPHIC NAME | |
| Geographic name | Islamic Empire |
| General subdivision | History. |
| 700 1# - ADDED ENTRY--PERSONAL NAME | |
| Personal name | Raverty, H. G. |
| Fuller form of name | (Henry George), |
| Dates associated with a name | 1825-1906, |
| Relator term | tr. |
| 906 ## - LOCAL DATA ELEMENT F, LDF (RLIN) | |
| a | 7 |
| b | cbc |
| c | orignew |
| d | 4 |
| e | ncip |
| f | 19 |
| g | y-gencatlg |
| 942 ## - ADDED ENTRY ELEMENTS (KOHA) | |
| Source of classification or shelving scheme | Dewey Decimal Classification |
| Koha item type | Books |
| Withdrawn status | Lost status | Source of classification or shelving scheme | Damaged status | Not for loan | Collection code | Home library | Current library | Shelving location | Date acquired | Source of acquisition | Serial Enumeration / chronology | Total Checkouts | Full call number | Barcode | Date last seen | Copy number | Price effective from | Koha item type | Public note |
|---|---|---|---|---|---|---|---|---|---|---|---|---|---|---|---|---|---|---|---|
| Dewey Decimal Classification | Not For Loan | Non-fiction | Asiatic Society Library | Asiatic Society Library | General Stacks | 02/27/2021 | ASB Library Collections | V-1,P-1 | 954 MIT | 106664 | 02/27/2021 | C-1 | 02/27/2021 | Books | RARE | ||||
| Dewey Decimal Classification | Damaged | Not For Loan | Non-fiction | Asiatic Society Library | Asiatic Society Library | General Stacks | 02/27/2021 | ASB Library Collections | V-1,P-1 | 954 MIT | 106669 | 02/27/2021 | C-2 | 02/27/2021 | Books | RARE |